La planeación económica en México ; teoría y práctica /
Guardado en:
| Autor Principal: | |
|---|---|
| Formato: | Libro |
| Idioma: | Spanish |
| Publicado: |
México :
Fondo de Cultura Económica,
[1962]
|
| Edición: | [1a. ed.]. |
| Series: | Sección de obras de economía (Fondo de cultura económica (México))
|
| Materias: | |
| Etiquetas: |
Agregar Etiqueta
Sin Etiquetas, Sea el primero en etiquetar este registro!
|
| LEADER | 00864cam a22002411 4500 | ||
|---|---|---|---|
| 001 | EEO.eeo002921 | ||
| 008 | 780329s1962####mx############000#0#spa## | ||
| 005 | 20171006094057.0 | ||
| 245 | 1 | 3 | |a La planeación económica en México ; |b teoría y práctica / |c [por] Fernando Zamora. |
| 250 | |a [1a. ed.]. | ||
| 260 | |a México : |b Fondo de Cultura Económica, |c [1962] | ||
| 300 | |a 167 p. ; |c 21 cm. | ||
| 490 | 0 | |a Sección de obras de economía. | |
| 100 | 1 | |a Zamora Millán, Fernando. | |
| 830 | 0 | |a Sección de obras de economía (Fondo de cultura económica (México)) | |
| 650 | 7 | |a Planificación económica. |2 Isoc | |
| 651 | 7 | |a México. |2 mpirdes | |
| 650 | 7 | |a Desarrollo económico. |2 Isoc | |
| 650 | 7 | |a Modelo económico. |2 Isoc | |
| 010 | |a 66055479 | ||
| 040 | |a DLC |c OYesA |d DLC | ||
| 050 | 0 | 0 | |a HD85 |b .Z32 |
| 859 | |a AR-BaUEB |b BIB. ECONOMIA - General |h 338.9 |i Z15 |p e01936 | ||
